000
00210 a2200097 4500
001
11935
100
_a
Lipman, M.H.
245
_a
Political science
260
_a
_b
Barnes & nobel books
_c
090
_c
9189
_d
9189
942
_a
NUST-CAE
_c
M
_c
36032
999
_c
247008
_d
247008